Statistiken für PDC World Matchplay (Darts)

Klicken Sie hier um das Quiz zu spielen!

Allgemein

  • Dieses Quiz wurde 392 mal gespielt
    (125 seit der letzten Aktualisierung)
  • Das Durchschnittsergebnis liegt bei 26 aus 30

Antwortstatistiken

JahrNationalitätGewinner% Korrekt
2015NiederlandeMichael van Gerwen
99%
2016NiederlandeMichael van Gerwen
99%
2022NiederlandeMichael van Gerwen
99%
2014EnglandPhil Taylor
99%
2013EnglandPhil Taylor
99%
2012EnglandPhil Taylor
99%
2011EnglandPhil Taylor
99%
2010EnglandPhil Taylor
99%
1995England
Phil Taylor
99%
2008EnglandPhil Taylor
99%
2017EnglandPhil Taylor
99%
2009EnglandPhil Taylor
99%
2006EnglandPhil Taylor
99%
2004
EnglandPhil Taylor
99%
2003EnglandPhil Taylor
99%
2002EnglandPhil Taylor
99%
2001EnglandPhil Taylor
99%
2000EnglandPhil Taylor
99%
1997EnglandPhil Taylor
99%
2021SchottlandPeter Wright
98%
2018SchottlandGary Anderson
97%
2020BelgienDimitri Van den Bergh
94%
2023EnglandNathan Aspinall
88%
2019EnglandRob Cross
78%
2007EnglandJames Wade
77%
2005EnglandColin Lloyd
39%
1994USALarry Butler
34%
1999EnglandRod Harrington
32%
1998EnglandRod Harrington
32%
1996EnglandPeter Evison
23%

Verteilung der Resultate

Perzentil nach korrekt beantworteten Fragen

Anzahl Personen mit jedem Resultat

Ihre Resultats-Entwicklung

Sie haben dieses Quiz seit der letzten Aktualisierung nicht gespielt